Igiene della scuola : malattie della scuola, edificio scolastico, arredi della scuola, igiene pedagogica, sorveglianza igienica delle scuole / del V. de Giaxa malattie della scuola, edificio scolastico, arredi della scuola, igiene pedagogica, sorveglianza igienica delle scuole / del V. de Giaxa
Descripción Física:
325 p. : il. ; 24 cm
Materias:
Higiene escolar -- Itàlia -- S. XIX
MARC
| LEADER | 00000nam a2200000Ia 4500 | ||
|---|---|---|---|
| 001 | 18320 | ||
| 008 | 160829s1880 xx 000 0 cat d | ||
| 080 | |a E-1-277 | ||
| 100 | |a Giaxa, V. de |9 23337 | ||
| 245 | |a Igiene della scuola : |b malattie della scuola, edificio scolastico, arredi della scuola, igiene pedagogica, sorveglianza igienica delle scuole / del V. de Giaxa | ||
| 260 | |a Milano : |b Ulrico Hoepli, |c 1880 | ||
| 300 | |a 325 p. : |b il. ; |c 24 cm | ||
| 590 | |a Bibliografia. | ||
| 590 | |a Text en italià | ||
| 650 | |a Higiene escolar |x Itàlia |x S. XIX |9 23338 | ||
| 901 | |a Arxiu | ||
| 942 | |n 1 | ||
| 952 | |0 0 |1 0 |4 0 |6 E1277 |7 1 |9 42668 |a Arxiu |b Arxiu |d 2016-12-01 |l 0 |o E-1-277 |p 18320 |r 2016-12-01 00:00:00 |w 2016-12-01 |y ARXIU | ||
| 999 | |c 45174 |d 45174 | ||